000 00738nam a2200205Ii 4500
003 JO-AjNU
008 230605s9999||||xx |||||||||||||| ||und||
017 _a1991/3/94
040 _aJO-AjNU
_bara
_erda
_cJO-AjNU
041 _aara
050 1 4 _aDS39.A2738 1991
100 3 _aابو دية، سعد، م.مشارك صالح، قاسم محمد,
_eauthor
_910796
245 0 0 _aالثورة العربية الكبرى: الجانب الفكري
264 3 1 _aعمان: القيادة العامة للقوات المسلحة، 1991
300 _a213ص
336 _atext
_btxt
_2rdacontent
337 _aunmediated
_bn
_2rdamedia
338 _avolume
_bnc
_2rdacarrier
650 4 _aالثورة العربية الكبرى1916م
_910797
999 _aA1991
_c5559
_d5559